Análisis de políticas públicas / (Registro nro. 5111)
[ vista simple ]
| 000 -LEADER | |
|---|---|
| fixed length control field | 01265nam a2200277Ia 4500 |
| 003 - CONTROL NUMBER IDENTIFIER | |
| control field | OSt |
| 005 - DATE AND TIME OF LATEST TRANSACTION | |
| control field | 20200329031919.0 |
| 008 - FIXED-LENGTH DATA ELEMENTS--GENERAL INFORMATION | |
| fixed length control field | 191128s2013 sp a gr 000 0 spa d |
| 020 ## - INTERNATIONAL STANDARD BOOK NUMBER | |
| International Standard Book Number | 9788430958313 |
| 040 ## - CATALOGING SOURCE | |
| Original cataloging agency | CO-JMCR |
| Transcribing agency | CO-JMCR |
| 041 0# - LANGUAGE CODE | |
| Language code of text/sound track or separate title | spa |
| 082 04 - DEWEY DECIMAL CLASSIFICATION NUMBER | |
| Classification number | 320.6 / |
| Item number | H173a |
| Edition number | 21 |
| 100 1# - MAIN ENTRY--PERSONAL NAME | |
| Personal name | Harguindéguy, Jean-Baptiste, |
| Relator term | autor |
| 9 (RLIN) | 2127 |
| 245 10 - TITLE STATEMENT | |
| Title | Análisis de políticas públicas / |
| Statement of responsibility, etc. | Jean-Baptiste Harguindéguy |
| 260 ## - PUBLICATION, DISTRIBUTION, ETC. | |
| Place of publication, distribution, etc. | Madrid : |
| Name of publisher, distributor, etc. | Tecnos, |
| Date of publication, distribution, etc. | 2013 |
| 300 ## - PHYSICAL DESCRIPTION | |
| Extent | 285 páginas : |
| Other physical details | ilustraciones a blanco y negro ; |
| Dimensions | 24 cm. |
| 504 ## - BIBLIOGRAPHY, ETC. NOTE | |
| Bibliography, etc. note | Bibliografía: páginas 261-281 |
| 505 0# - FORMATTED CONTENTS NOTE | |
| Formatted contents note | Las diferentes fases del ciclo de políticas pública -- Los debates contemporáneos sobre las políticas públicas -- El análisis de políticas públicas en la práctica |
| 520 ## - SUMMARY, ETC. | |
| Summary, etc. | El análisis de políticas pública es hoy en día una asignatura consolidada en España. Sin embargo, todavía faltaba un manual que recogiese la información por y para la docencia y la investigación básica. |
| 650 14 - SUBJECT ADDED ENTRY--TOPICAL TERM | |
| Topical term or geographic name entry element | Política pública |
| 9 (RLIN) | 1848 |
| 650 14 - SUBJECT ADDED ENTRY--TOPICAL TERM | |
| Topical term or geographic name entry element | Análisis |
| General subdivision | política pública |
| 9 (RLIN) | 2128 |
| 650 14 - SUBJECT ADDED ENTRY--TOPICAL TERM | |
| Topical term or geographic name entry element | Estratégias |
| General subdivision | política pública |
| 9 (RLIN) | 2129 |
| 650 14 - SUBJECT ADDED ENTRY--TOPICAL TERM | |
| Topical term or geographic name entry element | Política pública |
| General subdivision | influencia |
| 9 (RLIN) | 2130 |
| 650 24 - SUBJECT ADDED ENTRY--TOPICAL TERM | |
| Topical term or geographic name entry element | Toma de decisiones |
| 9 (RLIN) | 283 |
| 942 ## - ADDED ENTRY ELEMENTS (KOHA) | |
| Source of classification or shelving scheme | Dewey Decimal Classification |
| Koha item type | Books |
| Withdrawn status | Lost status | Source of classification or shelving scheme | Damaged status | Not for loan | Collection code | Home library | Current library | Date acquired | Source of acquisition | Cost, normal purchase price | Total Checkouts | Total Renewals | Full call number | Barcode | Date last seen | Date last checked out | Copy number | Koha item type |
|---|---|---|---|---|---|---|---|---|---|---|---|---|---|---|---|---|---|---|
| Dewey Decimal Classification | Non-fiction | Biblioteca Pública José María del Castillo y Rada | Biblioteca Pública José María del Castillo y Rada | 04/15/2018 | Donación | 0.00 | 7 | 11 | 320.6 / H173a | 430001319 | 05/16/2024 | 03/25/2022 | Ej.1 | Books |